000 00747nam a2200289Ia 4500
005 20260324134701.0
008 008 260324s9999 xx 000 0 eng d
020 _a9780429230073
037 _aEBOOK
040 _aCRL
040 _beng
040 _cCRL
041 _2eng
041 _aeng
084 _qCRL
100 _aAndrew Cox; Glyn Watson; Paul Ireland; Joe Sanderson; Chris Lonsdale
_91197756
245 0 _aSupply Chains, Markets and Power
245 0 _bManaging Buyer and Supplier Power Regimes
260 _bTaylor and Francis
260 _c2001
365 _a
365 _b255
856 _uhttp://www.taylorfrancis.com/books/9780429230073
942 _cEBOOK
999 _c1798090
_d1798090